Thermodynamics and kinetics of water-rock interaction (Record no. 34388)
[ view plain ]
| 000 -LEADER | |
|---|---|
| fixed length control field | 02395nam a22003377a 4500 |
| 003 - CONTROL NUMBER IDENTIFIER | |
| control field | OSt |
| 005 - DATE AND TIME OF LATEST TRANSACTION | |
| control field | 20240330121617.0 |
| 008 - FIXED-LENGTH DATA ELEMENTS--GENERAL INFORMATION | |
| fixed length control field | 230809b |||||||| |||| 00| 0 hin d |
| 020 ## - INTERNATIONAL STANDARD BOOK NUMBER | |
| International Standard Book Number | 9780939950843 |
| 040 ## - CATALOGING SOURCE | |
| Original cataloging agency | NISER LIBRARY |
| Transcribing agency | NISER LIBRARY |
| 041 ## - LANGUAGE CODE | |
| Language code of text/sound track or separate title | English |
| 082 ## - DEWEY DECIMAL CLASSIFICATION NUMBER | |
| Classification number | 550.426 |
| Item number | -THE |
| 245 ## - TITLE STATEMENT | |
| Title | Thermodynamics and kinetics of water-rock interaction |
| 260 ## - PUBLICATION, DISTRIBUTION, ETC. (IMPRINT) | |
| Place of publication, distribution, etc. | Chantilly: |
| Name of publisher, distributor, etc. | Mineralogical Society of America, |
| Date of publication, distribution, etc. | 2009 |
| 300 ## - PHYSICAL DESCRIPTION | |
| Extent | xvii, 569p. : |
| Other physical details | ill. ; |
| Dimensions | 23 cm. |
| 490 1# - SERIES STATEMENT | |
| Series statement | Reviews in mineralogy and geochemistry, |
| Volume/sequential designation | Vol. 70 |
| International Standard Serial Number | 1529-6466 |
| 504 ## - BIBLIOGRAPHY, ETC. NOTE | |
| Bibliography, etc | Includes bibliographical references. |
| 505 0# - FORMATTED CONTENTS NOTE | |
| Formatted contents note | Thermodynamic databases for water-rock interaction / Eric H. Oelkers, Pascale Bénézeth, Gleb S. Pokrovski -- Thermodynamics of solid solution-aqueous solution systems / Manuel Prieto -- Mineral replacement reactions / Andrew Putnis -- Thermodynamic concepts in modeling sorption at the mineral-water interface / Dmitrii A. Kulik -- Surface complexation modeling : mineral fluid equilibria at the molecular scale / David M. Sherman -- The link between mineral dissolution/precipitation kinetics and solution chemistry / Jacques Schott, Oleg S. Potrovsky, Eric H. Oelkers -- Organics in water-rock interactions / Jiwchar Ganor, Itay J. Reznik, Yoav O. Rosenberg -- Mineral precipitation kinetics / Bertrand Fritz, Claudine Noguera -- Towards an integrated model of weathering, climate and biospheric processes / Yves Goddéris ... [et al.] -- Approaches to modeling weathered regolith / Susan L. Brantley, Art F. White -- Fluid-rock interaction : a reactive transport approach / Carl I. Steefel and Kate Maher -- Geochemical modeling of reaction paths and geochemical reaction networks / Chen Zhu. |
| 520 ## - SUMMARY, ETC. | |
| Summary, etc. | Volume 70 of Reviews in Mineralogy and Geochemistry represents an extensive review of the material presented by the invited speakers at a short course on Thermodynamics and Kinetics of Water-Rock Interaction held prior to the 19th annual V. M. Goldschmidt Conference in Davos, Switzerland (June 19-21, 2009). |
| 650 #0 - SUBJECT ADDED ENTRY--TOPICAL TERM | |
| Topical term or geographic name as entry element | Water-rock interaction. |
| 650 #0 - SUBJECT ADDED ENTRY--TOPICAL TERM | |
| Topical term or geographic name as entry element | Hydrothermal alteration. |
| 650 #0 - SUBJECT ADDED ENTRY--TOPICAL TERM | |
| Topical term or geographic name as entry element | Geochemistry. |
| 650 #0 - SUBJECT ADDED ENTRY--TOPICAL TERM | |
| Topical term or geographic name as entry element | Hydrogeology. |
| 650 #0 - SUBJECT ADDED ENTRY--TOPICAL TERM | |
| Topical term or geographic name as entry element | Chemical kinetics. |
| 650 #0 - SUBJECT ADDED ENTRY--TOPICAL TERM | |
| Topical term or geographic name as entry element | Thermodynamics |
| 650 #0 - SUBJECT ADDED ENTRY--TOPICAL TERM | |
| Topical term or geographic name as entry element | Mineralogy |
| 650 #0 - SUBJECT ADDED ENTRY--TOPICAL TERM | |
| Topical term or geographic name as entry element | Geochemie |
| 700 ## - ADDED ENTRY--PERSONAL NAME | |
| Personal name | Oelkers, Eric H. |
| Relator term | ed. |
| 700 ## - ADDED ENTRY--PERSONAL NAME | |
| Personal name | Schott, Jacques |
| Relator term | ed. |
| 942 ## - ADDED ENTRY ELEMENTS (KOHA) | |
| Source of classification or shelving scheme | Universal Decimal Classification |
| Koha item type | Book |
| Withdrawn status | Lost status | Source of classification or shelving scheme | Damaged status | Not for loan | Home library | Current library | Date acquired | Source of acquisition | Total Checkouts | Full call number | Barcode | Date last seen | Price effective from | Koha item type |
|---|---|---|---|---|---|---|---|---|---|---|---|---|---|---|
| Universal Decimal Classification | NISER LIBRARY | NISER LIBRARY | 04/08/2023 | NISER/LIB/BK/PO/2023-24/01;06/06/2023 ; Narendra Publishing House; NPH/23-24/IN-00139; 14/07/2023; €44.95 | 550.426 -THE | 24738 | 09/08/2023 | 09/08/2023 | Book | |||||
| Universal Decimal Classification | NISER LIBRARY | NISER LIBRARY | 19/03/2024 | NISER/LIB/BK/PO/2023-24/14 DATED 11/03/2024 : 880/23-24 DATED 11/03/2024 | 550.426 -THE | 24945 | 24/03/2024 | 24/03/2024 | Book |